Tổ chức hoạt động ngoại khóa trong dạy học phần "điện học" vật lý lớp 11 trung học phổ thông theo hướng tích cực hóa hoạt động nhận thức và bồi dưỡng năng lực sáng tạo của học sinh.
Cơ sở lí luận và thực tiễn của hoạt động ngoại khóa vật lí ở trường phổ thông. Tổ chức hoạt động ngoại khóa phần “Điện học” vật lí 11 nhằm phát huy tính tích cực và bồi dưỡng năng lực sáng tạo cho học sinh.
Sparad:
| Huvudupphovsman: | |
|---|---|
| Övriga upphovsmän: | |
| Materialtyp: | Bok |
| Språk: | Vietnamese |
| Publicerad: |
Hà nội
Đại học Quốc gia Hà Nội - Trường ĐH Giáo dục
2012
|
| Ämnen: | |
| Taggar: |
Lägg till en tagg
Inga taggar, Lägg till första taggen!
|
| Thư viện lưu trữ: | Mạng thư viện Đại học Đà Nẵng |
|---|
| LEADER | 02013nam a2200373 4500 | ||
|---|---|---|---|
| 001 | 000020305 | ||
| 003 | 16750 | ||
| 005 | 20150313170358.0 | ||
| 008 | 150313s2012 viesd | ||
| 041 | |a vie | ||
| 082 | 1 | 4 | |a 537.2071 |b NG-C |
| 100 | |a Nguyễn Thị Chinh | ||
| 245 | 1 | |a Tổ chức hoạt động ngoại khóa trong dạy học phần "điện học" vật lý lớp 11 trung học phổ thông theo hướng tích cực hóa hoạt động nhận thức và bồi dưỡng năng lực sáng tạo của học sinh. |c Nguyễn Thị Chinh ; Tôn Diệu Nga hướng dẫn. |k Luận văn Thạc sĩ | |
| 260 | |a Hà nội |b Đại học Quốc gia Hà Nội - Trường ĐH Giáo dục |c 2012 | ||
| 300 | |a 120 tr. |c 29 cm. | ||
| 500 | |a Luận văn thạc sĩ Khoa học. Chuyên ngành: Lý luận và phương pháp dạy học ( bộ môn Vật Lý). Mã số: 60.14.10 | ||
| 520 | |a Cơ sở lí luận và thực tiễn của hoạt động ngoại khóa vật lí ở trường phổ thông. Tổ chức hoạt động ngoại khóa phần “Điện học” vật lí 11 nhằm phát huy tính tích cực và bồi dưỡng năng lực sáng tạo cho học sinh. | ||
| 650 | 0 | 4 | |a Điện học |v Luận văn tôt nghiệp |x Hoạt động ngoại khóa |x Phương pháp giảng dạy |
| 653 | |a Điện học | ||
| 653 | |a Tĩnh điện học | ||
| 653 | |a Phướng pháp dạy học môn Lý | ||
| 653 | |a Giáo dục THPT | ||
| 653 | |a Vật lý 11 | ||
| 700 | 1 | |a Tôn Diệu Nga |c TS. |e Hướng dẫn | |
| OWN | |a LSP | ||
| AVA | |a UDN50 |b LSP |d 537.2071 NG-C |e available |t Error 5001 Not defined in file expand_doc_bib_avail. |f 1 |g 0 |h N |i 0 |k 1 | ||
| 999 | |a From the UDN01 | ||
| AVA | |a UDN50 |b LSP |d 537.2071 NG-C |e available |t Error 5001 Not defined in file expand_doc_bib_avail. |f 1 |g 0 |h N |i 0 |k 1 | ||
| TYP | |a Monograph | ||
| TYP | |a Printed language | ||
| 980 | |a Mạng thư viện Đại học Đà Nẵng | ||